| 000 | 01048 am a2200313 4500 | ||
|---|---|---|---|
| 999 |
_c200448535 _d66747 |
||
| 003 | TR-AnTOB | ||
| 005 | 20220412115316.0 | ||
| 007 | ta | ||
| 008 | 010411s1977 tu 000 0 tur d | ||
| 040 |
_aTR-AnTOB _beng _erda _cTR-AnTOB |
||
| 041 | 0 | _atur | |
| 050 | 0 | 0 |
_aKKX955.7 _b.R45 1977 |
| 090 |
_aTOBBK KKX955.7 _b.R45 1977 |
||
| 100 | 1 | 0 |
_aReisoğlu, Seza _957996 |
| 245 | 1 | 0 |
_aBanka teminat mektupları ve uygulamada ortaya çıkan sorunlar / _cSeza Reisoğlu. |
| 264 | 1 |
_aAnkara : _bTürkiye Bankalar Birliği yayınları, _c1977. |
|
| 300 |
_a23 pages ; _c25 cm |
||
| 336 |
_atext _btxt _2rdacontent |
||
| 337 |
_aunmediated _bn _2rdamedia |
||
| 338 |
_avolume _bnc _2rdacarrier |
||
| 440 |
_aTürkiye Bankalar Birliği yayınları ; _vno: 78. Konferanslar serisi ; no:3 |
||
| 650 | 0 |
_aBanka hukuku _zTürkiye _920511 |
|
| 650 |
_aSuretyship and guarnty _zTurkey. |
||
| 650 |
_aBankacılık hukuku _zTürkiye. |
||
| 650 |
_aKefillik ve garanti _zTürkiye. |
||
| 942 |
_2z _cBK |
||